Zasadnutie Slovensko-japonského a Japonsko-slovenského hospodárskeho výboru

Počas obchodnej misie japonských podnikateľov na Slovensku rokovalo 22 zástupcov japonských a 30 zástupcov slovenských firiem o možnostiach obchodnej spolupráce. Prioritné kritériá rozhodujúce pre japonské firmy a investorov. Potreba zvýšenia priamych japonských investícií na Slovensku. Bezcolný dov...

ver descrição completa

Na minha lista:
Detalhes bibliográficos
Autor principal: Oujezdská, Lena
Formato: Capítulo de Livro
Idioma:eslovaco
Assuntos:
Tags: Adicionar Tag
Sem tags, seja o primeiro a adicionar uma tag!

MARC

LEADER 00000naa a2200000 4500
001 r032953
005 20230921102202.9
041 0 |a slo 
044 |a SK 
245 1 0 |a Zasadnutie Slovensko-japonského a Japonsko-slovenského hospodárskeho výboru  |c Lena Oujezdská 
520 |a Počas obchodnej misie japonských podnikateľov na Slovensku rokovalo 22 zástupcov japonských a 30 zástupcov slovenských firiem o možnostiach obchodnej spolupráce. Prioritné kritériá rozhodujúce pre japonské firmy a investorov. Potreba zvýšenia priamych japonských investícií na Slovensku. Bezcolný dovoz väčšiny slovenských výrobkov na japonský trh. 
610 2 0 |a obchod zahraničný 
610 2 0 |a dovoz bezcolný 
610 2 0 |a vývoz 
610 2 0 |a investície priame zahraničné 
610 2 0 |a Slovensko 
610 2 0 |a Japonsko 
100 1 |a Oujezdská, Lena